Glenn's Life Quiz Stats

 Plays Quiz not verified by Sporcle

Score 0/40 Timer 15:00
0 Plays Today
Hint Answer % Correct
A Tasty SweetHaribo
90.2%
His favourite football teamTottenham Hotspur
78%
His favourite sportCricket
78%
Start considering another futureJournalism
61%
Glenn's favourite TV showFriends
58.5%
Juggers, Clarescunt and KaitlinHis family
51.2%
Comment when told about J.F. and J.W.That's my turf!
46.3%
Mcevoy's Nickname for GlennSpeedo
46.3%
The girl in reference to question 2Jess Francis
46.3%
9 Days...Ani
41.5%
Something found on the back of his neckCancerous Mole
39%
His favourite music listening device with awful music onGlenn's iPod
39%
Glenn's dad's nickname?Jugsy
39%
Glenn's favourite artistic methodCut and Stick
36.6%
Glenn's favourite person, everValentino Rossi
31.7%
Failed art project 2 (Gatwick)Twatwick
31.7%
...Who took her away from him?Jared
26.8%
The thing on his foreheadMonofrown
26.8%
Failed art project 3 (White Hart Lane)White Hart Glane
26.8%
Glenn's favourite drinkMagners
26.8%
Hint Answer % Correct
Glenn's awkward comment about building materialsHow old is that brick?
26.8%
Glenn's invented MSN termPfft
24.4%
Glenn's favourite football player (he celebrated a goal with his name once)Robbie Keane
24.4%
Glenn's favourite snackBeans on Toast
22%
Buses and Valentines Day are examples of Glenn's...Articles
22%
....Wheeler (fill in the blank)Wingman
22%
Glenn described him as being 'Buff'Graham Napier
22%
A classic Glenn quote on his future wealthI'm gonna be **** richer than all of you
19.5%
I'm just getting some minstrelsElbow Boob
19.5%
Failed art project 1 (Wembly)Glennbly
19.5%
Glenn rejection 2Joe Illidge
19.5%
Glenn's second favourite TV showTop Gear
19.5%
Glenn reverts to this after being ignored for a dayWalking into a door
19.5%
Glenn's current age132
19.5%
One of Glenn's supposed talents in the way of artI'm amazing at Photography
17.1%
Glenn rejection 1Jess Vasilli
12.2%
Glenn got an afterschool! But what for?Being pushed off a chair
12.2%
Glenn's Tottenham supporter stalkeeChloe Wilson
9.8%
His first loveNappy Girl
7.3%
Glenn's bisexual stalkerVerinda Singh
7.3%

You're not logged in!

Compare scores with friends on all Sporcle quizzes.
OR
Log In

Show Comments

Extras

Created Nov 29, 2010ReportNominate
Tags:bones, glenn, life, moment

Top Quizzes Today


Score Distribution

Your Account Isn't Verified!

In order to create a playlist on Sporcle, you need to verify the email address you used during registration. Go to your Sporcle Settings to finish the process.

Report this User

Report this user for behavior that violates our Community Guidelines.

Details: